| 000 | 00942nam a2200241 a 4500 | ||
|---|---|---|---|
| 001 | 44957 | ||
| 003 | BD-RjUL | ||
| 005 | 20211209053937.0 | ||
| 008 | 160721r19981996bg ||||| |||| 00| 0 ben d | ||
| 020 |
_a9484013193 _c: Tk.60.00 |
||
| 020 |
_a9789840425419 _c: Tk. 200.00 |
||
| 035 | _a(BD-RjUL)45075 | ||
| 040 |
_aBD-RjUL _bben _cBD-RjUL _dBD-RjUL |
||
| 041 | _aben | ||
| 082 |
_223 _a320.95492 _bSYD 2020 |
||
| 100 |
_aসাঈদ, আবু আল _9137784 |
||
| 245 | 1 | 0 |
_aদেশবন্ধু থেকে বঙ্গবন্ধু / _cআবু আল সাঈদ |
| 260 |
_aঢাকা : _bআগামী প্রকাশনী, _c১৯৯৬ [মুদ্রণ ১৯৯৮, ১৯৯৯,২০২০] |
||
| 300 |
_a৯২ পৃ. ; _c২৪ সেমি. |
||
| 650 |
_aরাজনৈতিক ইতিহাস _zবাংলাদেশ _9137785 |
||
| 650 |
_aPolitical History _zBangladesh _9137786 |
||
| 942 |
_2ddc _cBK |
||
| 999 |
_c44957 _d44957 |
||